00841cam a22002531 450000100060000000300080000600500170001400800390003103500190007003500190008904000310010804100080013908200220014710000420016924500340021126000480024530000260029349000630031950400200038265000160040294200120041899900170043095201400044717966BD-RjUL20211209000222.0140219s1927 nyua 001 0 eng a(BD-RjUL)18024 a(OCoLC)1684657 aDLCcFMdDLCdBD-RjULbeng aeng04219a821bKIP 19271 aKingsley, Charles,d1819-1875.95539810aPoems /cby Charles Kingsley. aNew York,bJ. F. Taylor and company,c1927. axvi, 236 p. ;c22 cm.0 aThe novels and poems of Charles Kingsley. Westminster ed. aIncludes index. 0aPoem955399 2ddccBK c17966d17966 00102ddc40718NFICaRUCLbRUCLcReadingd1955-03-21eB.H.Black Wellg0.53l0o821 KIP 1927r2014-02-19 00:00:00tC-1w2014-02-19yBK